[Event "US Haring Girls op 120th"]
[Site "Orlando"]
[Date "2019.08.03"]
[Round "1"]
[White "Lee, Alice"]
[Black "Lodh, Anjali"]
[Result "1-0"]
[WhiteElo "1822"]
[BlackElo "1597"]
[PlyCount "120"]
[EventDate "2019.08.03"]
[EventType "swiss"]
[EventRounds "6"]
[EventCountry "USA"]
[SourceTitle "EXT 2020"]
[Source "ChessBase"]
[SourceDate "2019.10.17"]
[SourceVersion "1"]
[SourceVersionDate "2019.10.17"]
[SourceQuality "1"]

1. d4 e6 2. c4 d5 3. Nc3 Nf6 4. cxd5 exd5 5. Bg5 c6 6. e3 Bd6 7. Bd3 0-0 8. Qc2 h6 9. Bh4 Nbd7 10. Nge2 b6 11. h3 Bb7 12. 0-0 c5 13. dxc5 bxc5 14. Rad1 a6 15. Ng3 Qb6 16. Nf5 Qc6 17. Bg3 c4 18. Bxd6 cxd3 19. Qxd3 Rfe8 20. Qd4 Kh8 21. Bh2 Nc5 22. Nd6 Re7 23. Nxb7 Rxb7 24. Rc1 Rc8 25. Ne2 Qb5 26. Nf4 Rd7 27. b4 Rdc7 28. bxc5 Rxc5 29. Rxc5 Qxc5 30. Qxc5 Rxc5 31. Nd3 Ra5 32. Nb4 Ra4 33. Rb1 a5 34. Nc6 Rxa2 35. Be5 Ne4 36. f3 Nd2 37. Ra1 Rxa1+ 38. Bxa1 Nc4 39. Kf2 a4 40. Nb4 Nb6 41. Bd4 Nc4 42. Nxd5 Nd2 43. Nc3 a3 44. Na2 Nb3 45. Ke2 Kh7 46. Kd3 g5 47. Kc3 Na5 48. Bc5 Nc6 49. Bxa3 f5 50. Bd6 h5 51. Nb4 Nxb4 52. Bxb4 g4 53. hxg4 hxg4 54. e4 gxf3 55. gxf3 fxe4 56. fxe4 Kg8 57. Kd4 Kf7 58. Ke5 Ke8 59. Ke6 Kd8 60. Kf7 Kd7 1-0